[Event "Niederbayernliga 1314"]
[Site "Bayern"]
[Date "2014.??.??"]
[Round "9"]
[White "Klinge, Andreas"]
[Black "Stubner, Walter"]
[Result "1-0"]
[WhiteElo "1734"]
[BlackElo "1447"]
[PlyCount "93"]
[EventDate "2013.10.13"]
[EventType "team-tourn"]
[EventRounds "9"]
[EventCountry "GER"]
[SourceTitle "EXT 2023"]
[Source "ChessBase"]
[SourceDate "2022.10.05"]
[SourceVersion "1"]
[SourceVersionDate "2022.10.05"]
[SourceQuality "1"]
[WhiteTeam "Rottal II"]
[BlackTeam "Aidenbach"]
[WhiteTeamCountry "GER"]
[BlackTeamCountry "GER"]

1. Nf3 Nf6 2. g3 c5 3. c4 Nc6 4. Nc3 e6 5. Bg2 Be7 6. 0-0 0-0 7. d4 cxd4 8. Nxd4 a6 9. e4 d6 10. b3 Nxd4 11. Qxd4 e5 12. Qd2 Qc7 13. Bb2 Rb8 14. Rac1 Qb6 15. h3 Be6 16. Kh2 h6 17. Rcd1 Rfd8 18. Qe2 Rd7 19. f4 Rc7 20. Na4 Qa7 21. fxe5 Ne8 22. exd6 Bxd6 23. Nc3 Rd7 24. Nd5 b6 25. e5 Bf8 26. Nf4 Rxd1 27. Rxd1 Bc8 28. e6 fxe6 29. Nxe6 Bxe6 30. Qxe6+ Qf7 31. Qe5 Nc7 32. Rf1 Qe7 33. Qf4 Re8 34. Bc3 Qd7 35. Qf2 Bc5 36. Qc2 Re6 37. b4 Bf8 38. Qf5 Qe7 39. a3 b5 40. c5 Re2 41. Rf2 Re3 42. Bb2 Qe8 43. Bc1 Re5 44. Qd3 Re7 45. Bf4 Rd7 46. Qb3+ Kh8 47. Bc6 1-0